KORÓZNE POŠKODENIE PERMANENTNÝCH MAGNETOV Nd-Fe-B

Bibliographic Details
Main Authors: Hrivňáková, Dáša, 1933- (Author), Hrnčiar, Viliam, 1948- (Author)
Format: Article
Language:Slovak
ISBN:8096817590

MARC

LEADER 00000naa a2200000uu 4500
001 vtls011086221
003 SK-MaSNL
005 20260302135800.0
008 210909|1999 xo |||||||||||||||||slo|
015 |a SNBRA 
035 |a (urnnbn)urn:nbn:sk:snk:ar-a0cmmq 
035 |a (uuid)25b9b67d-ebee-4a82-a96f-9791a3b70278 
035 |a urn:nbn:sk:snk-aavshq 
040 |a SNKBUCL  |b slo  |c SNKBUCL  |e AACR2 
041 0 |a slo 
044 |a xo  |c SK 
100 1 |a Hrivňáková, Dáša,  |d 1933-  |4 aut  |9 189298 
245 1 0 |a KORÓZNE POŠKODENIE PERMANENTNÝCH MAGNETOV Nd-Fe-B  |c D. Hrivňáková, V. Hrnčiar 
700 1 |a Hrnčiar, Viliam,  |d 1948-  |4 aut  |9 227611 
773 0 |t Konštrukčné materiály '99  |d Bratislava : Vedecká spoločnosť pre náuku o kovoch ; Bratislava : Ústav materiálov a mechaniky trojov SAV, 1999  |g S. 29-34  |z 8096817590 
958 |a OND 
958 |a article12 
958 |a chapter 
999 |c 1328188  |d 1330118